| 000 | 00642nam a2200181 i 4500 | ||
|---|---|---|---|
| 001 | 38953 | ||
| 003 | ES-MaACL | ||
| 005 | 20250830074017.0 | ||
| 007 | t| | ||
| 008 | 030226s1956 sp ||||1| spa d | ||
| 100 | 1 |
_aCampos Galbis, José María. _934270 |
|
| 245 | 1 | 0 |
_aOremos con la Iglesia Santa _b: explicación histórico-teológica de la liturgia de la Santa Misa / _cpor José María Campos Galbis. |
| 260 |
_aBarcelona : _bAmigos del Catecismo, _c[1956] ( _fJ. Nacher) |
||
| 300 |
_a429 p, 1 lám. ; _c21 cm. |
||
| 710 | 2 |
_aAmigos del Catecismo (Barcelona) _91386 |
|
| 852 |
_aES-MaACL _jC-12403 _bR.40620 |
||
| 999 |
_c38953 _d38953 |
||